[Event "interzonal"]
[Site "Manila PHI"]
[Date "1990.??.??"]
[Round "5"]
[White "Mascarinas, Rico"]
[Black "Ye Rongguang"]
[Result "1-0"]
[WhiteElo "2465"]
[BlackElo "2525"]
[EventDate "1990.06.29"]
[PlyCount "101"]

1.c4 Nc6 2.Nc3 e5 3.g3 d6 4.Bg2 g6 5.e3 Bg7 6.Nge2 Be6 7.d4 exd4 8.Nxd4 
Nge7 9.Nxe6 fxe6 10.Ne2 e5 11.e4 Qd7 12.Be3 Na5 13.Qd3 c5 14.Rd1 Rd8 15.h4
Qe6 16.b3 Nac6 17.Bh3 Qf7 18.O-O O-O 19.f4 Qe8 20.Be6+ Kh8 21.f5 Nd4 22.
Nxd4 exd4 23.Bg5 Bf6 24.Bxf6+ Rxf6 25.g4 Nc6 26.g5 Rxe6 27.fxe6 Qxe6 28.
Qf3 Kg8 29.Rd2 Ne5 30.Qg3 a6 31.Rg2 d3 32.Rf6 Qe7 33.a4 a5 34.Qh3 Kh8 35.
Rgf2 b6 36.h5 gxh5 37.Qxh5 Rg8 38.Kf1 Qg7 39.Rh6 Qe7 40.Rhf6 Qg7 41.Rxd6 
Qe7 42.Rdf6 Qd8 43.g6 Nxg6 44.Rf7 Rg7 45.Qh6 Qd4 46.Qxg7+ Qxg7 47.Rxg7 
Kxg7 48.Rf5 h5 49.Rxh5 Nf4 50.Rh1 Ne2 51.Kf2 1-0

[Event "interzonal"]
[Site "Manila PHI"]
[Date "1990.??.??"]
[Round "7"]
[White "Thipsay, Praveen Mahadeo"]
[Black "Hmadi, Slaheddine"]
[Result "0-1"]
[WhiteElo "2490"]
[BlackElo "2335"]
[EventDate "1990.06.29"]
[PlyCount "46"]

1.e4 e6 2.d4 d5 3.e5 c5 4.c3 Nc6 5.Nf3 Bd7 6.dxc5 Bxc5 7.Bd3 f6 8.b4 fxe5 
9.bxc5 e4 10.Bxe4 dxe4 11.Ng5 Nf6 12.Qe2 O-O 13.O-O Ne5 14.Bf4 Nfg4 15.
Qxe4 Rf5 16.Nh3 Bc6 17.Qd4 Qf6 18.Bxe5 Nxe5 19.f3 Rd8 20.Qe3 Rd3 21.Qe2 
Nxf3+ 22.gxf3 Rdxf3 23.Nd2 Qg6+ 0-1

[Event "interzonal"]
[Site "Manila PHI"]
[Date "1990.??.??"]
[Round "8"]
[White "Vaganian, Rafael"]
[Black "Lautier, Joel"]
[Result "0-1"]
[WhiteElo "2630"]
[BlackElo "2570"]
[EventDate "1990.06.29"]
[PlyCount "114"]

1.Nf3 Nf6 2.g3 g6 3.Bg2 Bg7 4.c4 O-O 5.Nc3 d6 6.O-O e5 7.d3 Nc6 8.Rb1 a5 
9.a3 Re8 10.Bg5 h6 11.Bxf6 Bxf6 12.b4 axb4 13.axb4 Bg7 14.b5 Ne7 15.Nd2 e4
16.Qc2 e3 17.fxe3 Nf5 18.Nd1 h5 19.Rxf5 gxf5 20.Nf1 h4 21.Nc3 hxg3 22.hxg3
Qg5 23.Nd5 c6 24.bxc6 bxc6 25.Nf4 Rxe3 26.Bf3 Be5 27.Kf2 Rxf3+ 28.exf3 
Bxf4 29.gxf4 Qxf4 30.Qb2 Qh4+ 31.Ke2 Bd7 32.Nd2 Re8+ 33.Kd1 c5 34.Ra1 Qf2 
35.Qf6 Re1+ 36.Kc2 Rxa1 37.Qxa1 Qe3 38.Qa7 Qe6 39.f4 Bc6 40.Qa6 Bg2 41.Qb6
Qf6 42.Nb3 Kg7 43.Qa5 Bc6 44.Qc3 Ba4 45.d4 Qxd4 46.Qxd4+ cxd4 47.Kb2 Bxb3 
48.Kxb3 Kg6 49.Kc2 Kh5 50.Kd3 Kg4 51.Kxd4 Kxf4 52.Kd5 Ke3 53.Kxd6 f4 54.c5
f3 55.c6 f2 56.c7 f1=Q 57.c8=Q Qf6+ 0-1

[Event "interzonal"]
[Site "Manila PHI"]
[Date "1990.??.??"]
[Round "8"]
[White "Hubner, Robert"]
[Black "Shirov, Alexei"]
[Result "1-0"]
[WhiteElo "2585"]
[BlackElo "2580"]
[EventDate "1990.06.29"]
[PlyCount "93"]

1.d4 Nf6 2.c4 g6 3.Nc3 Bg7 4.e4 d6 5.Nf3 O-O 6.h3 c5 7.d5 e6 8.Bd3 exd5 9.
exd5 Re8+ 10.Be3 Bf5 11.Bxf5 gxf5 12.O-O Ne4 13.Nxe4 fxe4 14.Nd2 Nd7 15.
Qg4 Nf6 16.Qh4 Nd7 17.Qg3 Qf6 18.Qg4 Ne5 19.Qxe4 Qg6 20.Qxg6 hxg6 21.b3 
Nd3 22.Rad1 Nb4 23.a4 Nc2 24.Bf4 Rad8 25.Nf3 Re4 26.g3 a6 27.Rd2 Nb4 28.
Re1 Rxe1+ 29.Nxe1 Bc3 30.Re2 Bxe1 31.Rxe1 Nd3 32.Re7 Nxf4 33.gxf4 b5 34.
Ra7 bxc4 35.bxc4 Rb8 36.Rxa6 Rb4 37.a5 Rxc4 38.Rxd6 Kf8 39.f5 gxf5 40.Rc6 
Ke7 41.Kg2 Rb4 42.Rxc5 Kd6 43.Rc6+ Kxd5 44.Rf6 Ke4 45.Rxf7 Rb8 46.Re7+ Kf4
47.a6 1-0

[Event "interzonal"]
[Site "Manila PHI"]
[Date "1990.??.??"]
[Round "8"]
[White "Rogers, Ian"]
[Black "Adams, Michael"]
[Result "1/2-1/2"]
[WhiteElo "2535"]
[BlackElo "2590"]
[EventDate "1990.06.29"]
[PlyCount "47"]

1.e4 e5 2.Nf3 Nc6 3.Bb5 a6 4.Ba4 Nf6 5.O-O Be7 6.Re1 b5 7.Bb3 O-O 8.c3 d5 
9.exd5 Nxd5 10.Nxe5 Nxe5 11.Rxe5 c6 12.d4 Bd6 13.Re1 Qh4 14.g3 Qh3 15.Be3 
Bg4 16.Qd3 Rae8 17.Nd2 Re6 18.a4 Qh5 19.axb5 axb5 20.Qf1 Bh3 21.Qe2 Bg4 
22.Qf1 Bh3 23.Qe2 Bg4 24.Qf1 1/2-1/2

[Event "interzonal"]
[Site "Manila PHI"]
[Date "1990.??.??"]
[Round "9"]
[White "Van Riemsdijk, Herman Claudius"]
[Black "Rachels, Stuart"]
[Result "1-0"]
[WhiteElo "2440"]
[BlackElo "2475"]
[EventDate "1990.06.29"]
[PlyCount "73"]

1.e4 c5 2.Nf3 Nc6 3.d4 cxd4 4.Nxd4 Nf6 5.Nc3 d6 6.Bc4 Qb6 7.Nb3 e6 8.Bg5 
Be7 9.Bxf6 gxf6 10.Qh5 O-O 11.O-O Kh8 12.Kh1 Ne5 13.Be2 Rg8 14.f4 Ng6 15.
Rad1 Bd7 16.Rd3 Rac8 17.f5 Ne5 18.Rh3 Rg7 19.Rf4 Qd8 20.Nd4 Qg8 21.Rfh4 b5
22.Nd1 b4 23.Ne3 Rc5 24.Bd1 Ra5 25.Nf3 Rxa2 26.Nxe5 fxe5 27.Rg4 Ra1 28.
Rxg7 Qxg7 29.Rg3 Qf6 30.h3 exf5 31.exf5 Bf8 32.Kh2 Bg7 33.Bf3 e4 34.Bxe4 
Qe5 35.Qxf7 Be8 36.Qb7 Bh6 37.f6 1-0

[Event "interzonal"]
[Site "Manila PHI"]
[Date "1990.??.??"]
[Round "11"]
[White "Torre, Eugenio"]
[Black "Lobron, Eric"]
[Result "0-1"]
[WhiteElo "2530"]
[BlackElo "2535"]
[EventDate "1990.06.29"]
[PlyCount "143"]

1.d4 Nf6 2.c4 e6 3.Nc3 Bb4 4.e3 O-O 5.Bd3 d5 6.Nf3 c5 7.O-O dxc4 8.Bxc4 
Nbd7 9.Qe2 b6 10.Rd1 cxd4 11.exd4 Bxc3 12.bxc3 Qc7 13.Ba3 Re8 14.Ne5 Bb7 
15.Bd3 Nf8 16.c4 Ng6 17.Nxg6 hxg6 18.Bb2 Rac8 19.f3 Qf4 20.Qd2 Qxd2 21.
Rxd2 Ba6 22.Rc1 Nd7 23.Kf2 Nb8 24.d5 exd5 25.cxd5 Rxc1 26.Bxc1 Rd8 27.Bxa6
Nxa6 28.Ke3 Nc7 29.d6 Nb5 30.d7 f6 31.a4 Nc7 32.Ba3 Kf7 33.Bb4 Na6 34.Ba3 
Nb8 35.a5 Rxd7 36.axb6 axb6 37.Rc2 Ra7 38.Bd6 Nd7 39.Kd4 Ke6 40.Bb4 Ne5 
41.Re2 g5 42.Kc3 Rd7 43.Kb3 Kf5 44.Be1 Nc6 45.Kc4 Rd1 46.Bc3 Rc1 47.Kb3 
Rb1+ 48.Kc2 Rf1 49.Kd3 Rd1+ 50.Kc4 Rc1 51.Kd3 b5 52.Rb2 Rd1+ 53.Bd2 Ne5+ 
54.Kc3 Rg1 55.Be3 Rd1 56.Bd2 Ke6 57.Rxb5 Rg1 58.f4 gxf4 59.Bxf4 Rxg2 60.
Bg3 g6 61.Rb8 Kf5 62.Rh8 g5 63.Kd4 Rd2+ 64.Ke3 Rd3+ 65.Ke2 Rd5 66.Be1 Nc6 
67.Bc3 Nd4+ 68.Ke1 Nf3+ 69.Kf2 Nh4 70.Rg8 Rd3 71.Ba5 Rh3 72.Bc7 0-1

[Event "interzonal"]
[Site "Manila PHI"]
[Date "1990.??.??"]
[Round "12"]
[White "Illescas Cordoba, Miguel"]
[Black "Ye Rongguang"]
[Result "1-0"]
[WhiteElo "2535"]
[BlackElo "2525"]
[EventDate "1990.06.29"]
[PlyCount "76"]

1.c4 e5 2.Nc3 Nf6 3.Nf3 Nc6 4.e3 Bb4 5.Qc2 O-O 6.Nd5 Re8 7.Bd3 g6 8.a3 Bf8
9.Nxf6+ Qxf6 10.Be4 d6 11.b4 Qd8 12.Bb2 Ne7 13.h4 h5 14.Ng5 Bg7 15.Bf3 Nf5
16.g3 c6 17.Qb3 a5 18.O-O a4 19.Qc2 Bh6 20.Ne4 d5 21.cxd5 cxd5 22.Nc5 e4 
23.Bg2 b6 24.Nxa4 Ba6 25.Rfc1 Bd3 26.Qb3 d4 27.Rc6 Bb5 28.Rxg6+ Kf8 29.
Nxb6 fxg6 30.Nxa8 Qxa8 31.a4 Be2 32.b5 Qb8 33.Qd5 Re5 34.Ba3+ Kg7 35.Qd7+ 
Kf6 36.Rc1 Re6 37.Rc8 Qb6 38.Rc7 Re5 1-0

[Event "interzonal"]
[Site "Manila PHI"]
[Date "1990.??.??"]
[Round "13"]
[White "Marin, Mihail"]
[Black "Lautier, Joel"]
[Result "1/2-1/2"]
[WhiteElo "2485"]
[BlackElo "2570"]
[EventDate "1990.06.29"]
[PlyCount "91"]

1.d4 Nf6 2.c4 e6 3.Nc3 Bb4 4.f3 d5 5.a3 Bxc3+ 6.bxc3 c5 7.cxd5 Nxd5 8.dxc5
Qa5 9.e4 Ne7 10.Be3 O-O 11.Qb3 Qc7 12.Nh3 e5 13.Nf2 Nec6 14.Rb1 Na5 15.Qa4
Be6 16.Be2 Nd7 17.Rb5 b6 18.O-O Rfc8 19.Rfb1 Nb7 20.Nd3 Qc6 21.Qc2 Nbxc5 
22.Nxc5 Nxc5 23.Bxc5 a6 24.Rxb6 Qxc5+ 25.Kf1 Qxa3 26.Qc1 Qxc1+ 27.Rxc1 a5 
28.c4 a4 29.Rb2 a3 30.Ra2 Rc5 31.Rc3 Rca5 32.Ke1 Kf8 33.Kd2 Ke7 34.Rb3 Kd6
35.Kc3 g5 36.g4 R5a7 37.Rb6+ Kc7 38.Rb5 f6 39.Bd1 Kc6 40.Bc2 Rd7 41.Rb4 
Rda7 42.Bb3 Ra6 43.Rb5 Rd8 44.Rb4 Rda8 45.Rb5 R6a7 46.Kb4 1/2-1/2